The tenancy deposit scheme: why bother? (Record no. 70169)
[ view plain ]
| 000 -LEADER | |
|---|---|
| fixed length control field | 00949cam a2200205 4500 |
| 001 - CONTROL NUMBER | |
| control field | ABS65413 |
| 008 - FIXED-LENGTH DATA ELEMENTS--GENERAL INFORMATION | |
| fixed length control field | 020507n2002 000 0 eng u |
| 035 ## - SYSTEM CONTROL NUMBER | |
| System control number | (Sirsi) u117842 |
| 100 ## - MAIN ENTRY--PERSONAL NAME | |
| Personal name | Cook, P. |
| 245 #4 - TITLE STATEMENT | |
| Title | The tenancy deposit scheme: why bother? |
| 260 ## - PUBLICATION, DISTRIBUTION, ETC. | |
| Date of publication, distribution, etc. | 2002 |
| 490 ## - SERIES STATEMENT | |
| Series statement | Agreement |
| Volume/sequential designation | 9(2) April 2002, 6-7(2) |
| 520 ## - SUMMARY, ETC. | |
| Summary, etc. | Encourages the use of the Tenancy Deposit scheme to protect tenants against unscrupulous landlords. Landlords can choose for deposits to be held in specific building society accounts or by themselves subject to insurance arrangements which will ensure deposit is safely returned to a tenant if retention is not justified. Any dispute can be adjudicated by Housing Ombudsman. |
| 590 ## - LOCAL NOTE (RLIN) | |
| Local note | ABS |
| 650 ## - SUBJECT ADDED ENTRY--TOPICAL TERM | |
| Topical term or geographic name entry element | TENANCY DEPOSIT SCHEME (TDS) |
| 650 ## - SUBJECT ADDED ENTRY--TOPICAL TERM | |
| Topical term or geographic name entry element | DEPOSITS |
| 650 ## - SUBJECT ADDED ENTRY--TOPICAL TERM | |
| Topical term or geographic name entry element | HOUSING OMBUDSMAN |
| 690 ## - LOCAL SUBJECT ADDED ENTRY--TOPICAL TERM (OCLC, RLIN) | |
| Topical term or geographic name as entry element | PROPERTY-RESIDENTIAL PROPERTY-RESIDENTIAL LANDLORD AND TENANT-RESIDENTIAL TENANCIES |
| 942 ## - ADDED ENTRY ELEMENTS (KOHA) | |
| Suppress in OPAC | 0 |
| Withdrawn status | Lost status | Source of classification or shelving scheme | Damaged status | Not for loan | Home library | Current library | Shelving location | Date acquired | Total Checkouts | Full call number | Barcode | Date last seen | Copy number | Price effective from | Koha item type |
|---|---|---|---|---|---|---|---|---|---|---|---|---|---|---|---|
| Dewey Decimal Classification | London | London | Journal article | 07/05/2002 | ABS65413 | 117842-1001 | 06/08/2019 | 1 | 06/08/2019 | Journal article |